| 000 | 00868nam a22002057a 4500 | ||
|---|---|---|---|
| 999 |
_c10775 _d10775 |
||
| 003 | AR-CdUCM | ||
| 008 | 190402b ||||| |||| 00| 0 spa d | ||
| 040 |
_aMUNICIPALIDAD PROVINCIAL DEL CUSCO _cBIBLIOTECA MUNICIPAL DEL CUSCO |
||
| 082 |
_a342.8 / _bV42 / 1903 |
||
| 110 |
_aUniversidad de G. P. S. Agustín de Arequípa _927791 |
||
| 245 |
_aDerecho internacional peruano : _bAnotaciones sobre esta ciencia / |
||
| 260 |
_aArequípa : _bMedina, _c1903. |
||
| 300 |
_a148 paginas ; _c19 cm. |
||
| 505 | _aContenido : Preliminares -- Idea internacional del derecho internacional privado. Su definición -- Fuentes del derecho internacional privado -- Aplicación de la extranjera -- De los extranjeros -- Del estado y capacidad ... | ||
| 650 |
_aUniversidad _91570 |
||
| 650 |
_aDerecho _9739 |
||
| 650 |
_aArequípa _91703 |
||
| 942 |
_2ddc _cLIBROS |
||
| 945 | _arah | ||